[Event "Hillerod-ch Master"]
[Site "Hillerod"]
[Date "2022.05.15"]
[Round "2"]
[White "Andersen, Soren Bull"]
[Black "Sorensen, Reto Utiger"]
[Result "1/2-1/2"]
[WhiteElo "2131"]
[BlackElo "1985"]
[PlyCount "102"]
[EventDate "2022.05.15"]
[EventType "tourn"]
[EventRounds "5"]
[EventCountry "DEN"]
[SourceTitle "EXT 2024"]
[Source "ChessBase"]
[SourceDate "2023.10.10"]
[SourceVersion "1"]
[SourceVersionDate "2023.10.10"]
[SourceQuality "1"]

1. d4 Nf6 2. Bg5 Ne4 3. Bf4 g6 4. f3 Nf6 5. e4 Bg7 6. c4 0-0 7. Nc3 d6 8. Bd3 Nbd7 9. Nge2 e5 10. Be3 c6 11. Qd2 exd4 12. Nxd4 Ne5 13. Be2 d5 14. cxd5 cxd5 15. exd5 Nxd5 16. Nxd5 Qxd5 17. Nb5 Qxd2+ 18. Bxd2 Bd7 19. Nd6 Nc6 20. Bc4 Ne5 21. Be2 Nc6 22. Bc4 Nd4 23. Kf2 Be6 24. Bc3 Bxc4 25. Nxc4 b5 26. Ne3 Rfe8 27. Rad1 Rad8 28. Rd3 Nc6 29. Rhd1 Bxc3 30. Rxc3 Rxd1 31. Nxd1 Re6 32. Ne3 Kg7 33. Nd5 Re5 34. Rxc6 Rxd5 35. Ke2 Re5+ 36. Kd2 Rg5 37. g4 h5 38. h3 Rd5+ 39. Ke2 hxg4 40. hxg4 Re5+ 41. Kd3 Rd5+ 42. Kc3 Re5 43. Kb4 Re2 44. Kb3 a5 45. Rc5 a4+ 46. Ka3 b4+ 47. Kxa4 Rxb2 48. g5 Kf8 49. Re5 Rxa2+ 50. Kxb4 Rf2 51. Re3 f6 1/2-1/2

[Event "Hillerod-ch Master"]
[Site "Hillerod"]
[Date "2022.05.15"]
[Round "4"]
[White "Erlandsen, Carsten"]
[Black "Sorensen, Reto Utiger"]
[Result "0-1"]
[WhiteElo "2070"]
[BlackElo "1985"]
[PlyCount "82"]
[EventDate "2022.05.15"]
[EventType "tourn"]
[EventRounds "5"]
[EventCountry "DEN"]
[SourceTitle "EXT 2024"]
[Source "ChessBase"]
[SourceDate "2023.10.10"]
[SourceVersion "1"]
[SourceVersionDate "2023.10.10"]
[SourceQuality "1"]

1. d4 Nf6 2. c4 g6 3. f3 Bg7 4. e4 d6 5. Be3 0-0 6. Nc3 Nbd7 7. Nge2 e5 8. Qd2 Qe7 9. 0-0-0 exd4 10. Nxd4 Ne5 11. Bg5 Be6 12. Nxe6 Qxe6 13. Nd5 Nxd5 14. Qxd5 Qe8 15. Kb1 Qa4 16. b3 Qb4 17. Bd2 Qb6 18. Ba5 Qf2 19. Rd2 Qe1+ 20. Rd1 Qf2 21. Qd2 Qc5 22. Bb4 Qb6 23. Bc3 a5 24. Qb2 f6 25. Be2 Qc6 26. a4 Nd7 27. Rd5 Nc5 28. Bd1 Qe8 29. Re1 Qe6 30. Bc2 c6 31. Rd2 b5 32. Red1 Rfd8 33. cxb5 cxb5 34. b4 bxa4 35. Qa2 axb4 36. Bxb4 Rab8 37. Qa3 Na6 38. Bb3 Qxb3+ 39. Qxb3+ axb3 40. Bxd6 Rb7 41. f4 Nc7 0-1

[Event "Copenhagen GoAudit op"]
[Site "Copenhagen"]
[Date "2021.11.14"]
[Round "6"]
[White "Akdag, Dara Sevkan"]
[Black "Sorensen, Reto Utiger"]
[Result "1-0"]
[WhiteElo "2155"]
[BlackElo "1985"]
[PlyCount "91"]
[EventDate "2021.11.12"]
[EventType "swiss"]
[EventRounds "7"]
[EventCountry "DEN"]
[SourceTitle "CBM 205 Extra"]
[Source "ChessBase"]
[SourceDate "2022.01.31"]
[SourceVersion "1"]
[SourceVersionDate "2022.01.31"]
[SourceQuality "1"]

1. f4 d5 2. Nf3 g6 3. g3 c5 4. Bg2 Bg7 5. 0-0 Nf6 6. d3 0-0 7. c3 Nc6 8. Na3 d4 9. Bd2 Bg4 10. h3 Bxf3 11. Rxf3 e5 12. e4 dxe3 13. Bxe3 exf4 14. Bxc5 Ne5 15. Rxf4 Re8 16. Bd4 Nh5 17. Rf2 Nxg3 18. Bxe5 Rxe5 19. Qf3 Nf5 20. Nc4 Re7 21. Re2 Rb8 22. Rxe7 Qxe7 23. Qf2 b5 24. Re1 Qd7 25. Ne3 Nxe3 26. Qxe3 b4 27. d4 bxc3 28. bxc3 Rc8 29. Rd1 Qa4 30. Bf3 Qxa2 31. Be2 Qb3 32. Rd3 Qd5 33. Qd2 a5 34. Bf3 Qd6 35. Kg2 a4 36. Qa2 Qa6 37. Re3 Bf6 38. Bd5 Qa7 39. Rf3 Kg7 40. Qf2 Qb6 41. Qa2 Rc7 42. Qa3 Qa6 43. Re3 Bg5 44. Re8 Bf4 45. Qf8+ Kf6 46. Re6+ 1-0

[Event "Porto Mannu op 10th"]
[Site "Porto Mannu"]
[Date "2018.06.02"]
[Round "6"]
[White "Piasetski, Leon David"]
[Black "Sorensen, Reto Utiger"]
[Result "1-0"]
[WhiteElo "2257"]
[BlackElo "1945"]
[PlyCount "63"]
[EventDate "2018.06.02"]
[EventType "swiss"]
[EventRounds "9"]
[EventCountry "ITA"]
[SourceTitle "CBM 184 Extra"]
[Source "ChessBase"]
[SourceDate "2018.06.28"]
[SourceVersion "1"]
[SourceVersionDate "2018.06.28"]
[SourceQuality "1"]

1. Nf3 d5 2. g3 Nf6 3. Bg2 c6 4. 0-0 Nbd7 5. d4 e6 6. b3 Be7 7. c4 0-0 8. Bb2 c5 9. cxd5 exd5 10. Nc3 Nb6 11. dxc5 Bxc5 12. Rc1 Qe7 13. Qc2 Bd7 14. e3 Rac8 15. Rfd1 Bg4 16. Qd3 Rfd8 17. Ne2 Ba3 18. Bxa3 Qxa3 19. Qb1 Bh5 20. Nf4 Bg4 21. Re1 Rxc1 22. Rxc1 Bf5 23. Qa1 Be4 24. Nd4 Bxg2 25. Kxg2 h6 26. Nf5 Ne8 27. Rc7 d4 28. Rxb7 Qc5 29. Ne7+ Kf8 30. exd4 Rxd4 31. Qe1 Nd7 32. Neg6+ 1-0

[Event "Farum 60 years op"]
[Site "Farum"]
[Date "2003.10.17"]
[Round "6"]
[White "Nielsen, Erik"]
[Black "Sorensen, Reto Utiger"]
[Result "0-1"]
[WhiteElo "1390"]
[BlackElo "1918"]
[PlyCount "44"]
[EventDate "2003.10.12"]
[EventType "swiss"]
[EventRounds "7"]
[EventCountry "DEN"]
[SourceTitle "EXT 2018"]
[Source "ChessBase"]
[SourceDate "2017.10.13"]
[SourceVersion "1"]
[SourceVersionDate "2017.10.13"]
[SourceQuality "1"]

1. f4 d5 2. Nf3 c5 3. e3 Nc6 4. Bb5 Qb6 5. c4 e6 6. Nc3 a6 7. cxd5 axb5 8. dxc6 bxc6 9. 0-0 Nf6 10. b3 Ba6 11. Bb2 Rd8 12. Rc1 Be7 13. Rf2 Ng4 14. Rf1 Nxe3 15. Qe1 Nxf1 16. Kxf1 Bf6 17. Ne5 0-0 18. Ne4 Be7 19. Qe3 f6 20. Nf3 b4+ 21. Kg1 Rd3 22. Nxc5 Rxe3 0-1

[Event "Farum 60 years op"]
[Site "Farum"]
[Date "2003.10.13"]
[Round "2"]
[White "Sorensen, Reto Utiger"]
[Black "Jensen, Jonbert"]
[Result "1-0"]
[WhiteElo "1918"]
[BlackElo "1291"]
[PlyCount "73"]
[EventDate "2003.10.12"]
[EventType "swiss"]
[EventRounds "7"]
[EventCountry "DEN"]
[SourceTitle "EXT 2018"]
[Source "ChessBase"]
[SourceDate "2017.10.13"]
[SourceVersion "1"]
[SourceVersionDate "2017.10.13"]
[SourceQuality "1"]

1. e4 d6 2. d4 Nf6 3. Bd3 g6 4. Ne2 Bg7 5. c3 0-0 6. Na3 b6 7. 0-0 Bb7 8. Ng3 Nc6 9. Be3 a5 10. Qd2 Ng4 11. Nc2 e5 12. d5 Qh4 13. h3 Nxe3 14. Nxe3 Ne7 15. b4 Bh6 16. Qe1 Bc8 17. Be2 f5 18. exf5 gxf5 19. Nh1 Qg5 20. c4 Kh8 21. c5 bxc5 22. bxc5 Ba6 23. Bxa6 Rxa6 24. Qe2 Raa8 25. cxd6 cxd6 26. f4 exf4 27. Nc4 Nxd5 28. Nxd6 Bg7 29. Rae1 Ne3 30. Rf2 Bd4 31. Qf3 Ra6 32. Nb5 Nc2 33. Nxd4 Nxe1 34. Qe2 Rd6 35. Ne6 Rxe6 36. Qxe6 Nd3 37. Rf3 1-0